Effectif Juventus saison 2023/2024 - Statistiques

Statistiques générales
  • Ce quiz a été pris 1 433 fois
    331 depuis la dernière actualisation
  • Le résultat moyen est 18 sur 28
Statistiques - réponses
Hint Réponse % Correct
A Dušan Vlahović
91%
Coach Massimiliano Allegri
87%
D Gleison Bremer
85%
A Federico Chiesa
83%
G Wojciech Szczęsny
80%
D Danilo
78%
G Mattia Perin
76%
M Adrien Rabiot
75%
D Alex Sandro
74%
D Federico Gatti
72%
M Manuel Locatelli
70%
A Arkadiusz Milik
67%
A Moise Kean
64%
A Kenan Yildiz
63%
M Fabio Miretti
62%
M Weston McKennie
62%
M Paul Pogba
58%
G Carlo Pinsoglio
57%
D Daniele Rugani
57%
M Nicolò Fagioli
57%
D Andrea Cambiaso
56%
M Timothy Weah
56%
M Filip Kostić
55%
D Mattia De Sciglio
45%
A Samuel Iling-Junior
40%
D Tiago Djaló
30%
M Carlos Alcaraz
27%
M Hans Nicolussi
24%
Aucun quiz correspondant
Distribution des résultats
% des personnes avec chaque résultat
Percentile par nombre de réponses
Votre historique - résultats
Vous n’avez pas pris ce quiz depuis la dernière actualisation